MDQL
is popping MORE tags! Check the
thread
!
Quizzes
Events
Quiz Creation
Community
Videos
Private Events
Remove Ads
Sign In
Join for FREE
Feedback
Dark Mode
Quiz Categories
Sports
Geography
Music
Movies
Television
Just For Fun
Miscellaneous
History
Literature
Language
Science
Gaming
Entertainment
Religion
Holiday
For Kids
Quiz Lab
Recent
Popular Today
Quiz Kudos Today
Editor Picks
Curator Picks
Quizzes by...
Day
Popularity
Type
Ratings
Length
Year
Community
Subscriptions
Recent Discussions
Orange Saloon
Badges
Playlists
Quests
Create
Leaderboards
Showdown
Live 5
Trivia Bingo
Activity
Puzzle Library
Sporcle Events
Private Events
Virtual Trivia
Globe League
Become a Host
Pub Owners
SporcleCon
Opinionation
Our Games
Videos
Blog
Mobile Apps
Partnerships
Remove Ads and Go Orange
Feedback
Miscellaneous
Crossword
General Knowledge
Baby Names
Logo
Food
Cars
Numbers
Grab Bag
University
College
Popular
Company
Slogans
Restaurants
Justice
Letter
Miscellaneous
Crossword
General Knowledge
Baby Names
Logo
Food
Cars
Numbers
Grab Bag
University
College
Popular
Company
Slogans
Restaurants
Justice
Letter
Random Quiz
Search Sporcle
×
Quiz Lab
Quiz Lab
Miscellaneous
Girl Names
Type in answers that appear in a list
Type in answers that appear in a list
Classic
Best Score? Go Orange.
Baby Girl Names 2015 (Hawaii) Stats
Can you name the top 100 Baby Girl Names 2015 (Hawaii)?
By
Winter7
10m
100 Questions
37 Plays
37 Plays
37 Plays
Comments
Comments
Give Quiz Kudos
Give Quiz Kudos
-
- Ratings
hide this ad
Replay
Link that replays current quiz
Next Quiz
Link to next quiz in quiz playlist
You Got
0%
They Got
Avg Score
55%
Avg Friend Score
Upgrade to see
Score Distribution
Jump to the score distribution portion of the page
Score
0/100
Timer
10:00
0
Plays Today
Rank
Name
% Correct
2
Emma
94.6%
3
Olivia
89.2%
5
Ava
89.2%
6
Isabella
89.2%
11
Lily
86.5%
15
Grace
86.5%
28
Emily
86.5%
63
Emi
86.5%
1
Mia
83.8%
7
Sophia
83.8%
9
Chloe
83.8%
27
Elizabeth
83.8%
10
Madison
81.1%
42
Victoria
81.1%
46
Isabelle
81.1%
78
Anna
81.1%
12
Amelia
78.4%
17
Ella
78.4%
23
Zoe
78.4%
31
Lillian
78.4%
85
Leah
78.4%
14
Evelyn
75.7%
21
Charlotte
75.7%
33
Ellie
75.7%
40
Brooklyn
75.7%
4
Aria
73%
16
Zoey
73%
32
Maya
73%
89
Addison
73%
91
Alexis
73%
19
Aubrey
70.3%
36
Layla
70.3%
57
Hailey
70.3%
82
Gabriella
70.3%
Rank
Name
% Correct
18
Harper
67.6%
20
Riley
67.6%
26
Avery
67.6%
34
Arianna
67.6%
39
Ariana
67.6%
54
Audrey
67.6%
64
Isla
67.6%
69
Jade
67.6%
73
Lucy
67.6%
84
Kaylee
67.6%
43
Faith
64.9%
55
Eleanor
64.9%
60
Sarah
64.9%
88
Samantha
64.9%
92
Alice
64.9%
30
Kylie
62.2%
47
Kayla
62.2%
65
Jasmine
62.2%
13
Abigail
59.5%
8
Mila
56.8%
52
Violet
56.8%
80
Bella
56.8%
29
Bailey
54.1%
67
Liliana
54.1%
25
Scarlett
51.4%
37
Leila
51.4%
38
Sadie
51.4%
58
Khloe
51.4%
41
Stella
48.6%
22
Skylar
45.9%
45
Peyton
45.9%
68
Serenity
45.9%
94
Hazel
45.9%
44
Leilani
43.2%
Rank
Name
% Correct
50
Penelope
43.2%
59
Paisley
43.2%
75
Piper
43.2%
76
Vivian
43.2%
77
Aaliyah
43.2%
86
Luna
43.2%
49
Naomi
40.5%
51
Quinn
40.5%
79
Aurora
40.5%
48
Kennedy
37.8%
24
Alana
35.1%
62
Eden
35.1%
56
Eliana
29.7%
95
Kaila
29.7%
35
Kaia
27%
81
Brielle
27%
96
Kailani
27%
98
Kiana
24.3%
66
Keira
21.6%
70
Jordyn
21.6%
83
Kaya
21.6%
72
Leia
18.9%
74
Malia
18.9%
90
Adeline
16.2%
53
Athena
13.5%
87
Rylie
8.1%
61
Anela
2.7%
93
Camryn
2.7%
71
Kalea
0%
97
Kalena
0%
99
Mahina
0%
100
Makena
0%
Quiz Playlist
Details
Report
Send in Message
Add To Playlist
Classic:
Type in answers that appear in a list
Last Updated: Apr 12, 2017
Quiz Scoreboard
CHALLENGE
Sign Up to Join the Scoreboard
Show All
Scores
Hide
Comments
May contain spoilers
Recently Published
Image Sorting: Flags VI
by Barbecue
Geography
2m
Find the 'City' Movie
by crazypaving
Movies
60s
Colored Red Africa Blitz
by spor1
Geography
45s
More to Explore
Quiz From the Vault
Featured Blog Post
14 Easter Pick-up Lines to Find Eggs With
hide this ad
You Might Also Like...
Tags
100
2015
Baby
girl
Girl Names
Hawaii
Today's Top Quizzes in Miscellaneous
Browse Miscellaneous
hide this ad
Today's Top Quizzes in Girl Names
Browse Girl Names
Top Contributed Quizzes in Miscellaneous
1
The JOE quick-fire general knowledge quiz: Day 174
2
5-to-1: Fast Food
3
9x9 Crossword: Disney Movie Titles
4
The JOE quick-fire general knowledge quiz: Day 173
5
9x9 Crossword: Charlie and the Chocolate Factory
6
9x9 Crossword: Actors
7
9x9 Crossword: 2022 Movies
8
9x9 Crossword: Flags
9
9x9 Crossword: The Simpsons
10
9x9 Crossword: Pixar Movie Titles
Explore More
Trending Topics
Kpop
Harry Potter
Marvel
Disney
Anime
NBA
Crossword
Song
Puzzle
Soccer
The Office
Country
WWE
NFL
Pokémon
hide this ad
More By:
Winter7
Quiz
Plays
Rating
Category
Featured
Created
Baby Names US Girls 2001 Top 200
690
4.67
Just For Fun
Nov 30, 2015
Twin Girl Baby Names (2013)
547
5.00
Miscellaneous
Feb 23, 2015
Twin Boy/Girl Baby Names (2013)
510
5.00
Miscellaneous
Feb 23, 2015
2016 Baby Names Girl/Girl Twins
341
5.00
Miscellaneous
Jun 27, 2017
Top 100 Baby Names 2013 (Girls)
330
4.67
Just For Fun
May 11, 2014
Go to Creator's Profile
Score Distribution
Quiz Creator Spotlight
Winter7
Follow
Send a Message
Quizzes Created
-
Created Quiz Play Count
-
More By This Creator
Popular Quizzes Today
1
Colored Red Africa Blitz
2
Find the US States - No Outlines Minefield
3
Find the 'City' Movie
4
5x2 Blitz: Bands
5
The Countries of the World
6
Find the Countries of Europe - No Outlines Minefield
7
Find the US States
8
US States
More Miscellaneous Quizzes
Born in the '40s, '50s or '60s?
Published
Trending Quizzes
Colored Red Europe Blitz I
Colored Red Europe Blitz II
Colored Red Africa Blitz II
Colored Red Europe Blitz III
Colored Red Africa Blitz III
Recently Updated
How Do You Spell That?
pecheneg
Godzilla Movies
pecheneg
Grab Bag: 4-10 Letters
pecheneg
2024 March Madness Bracket
pecheneg
Famous TV Couples
Peacemaker
Champions League XIs: Real Madrid
pecheneg
Largest US Cities 1790-2010
pecheneg
Rides in Walt Disney World
pecheneg
Most Oscar Losses (Acting)
pecheneg
Beyoncé Albums
pecheneg
Trending Topics
Kpop
Crossword
NBA
Marvel
Harry Potter
Anime
Disney
WWE
Country
Pokémon
Song
The Office
Puzzle
Soccer
NFL
Your Account Isn't Verified!
In order to create a playlist on Sporcle, you need to verify the email address you used during registration. Go to your
Sporcle Settings
to finish the process.
Report this User
Report this user for behavior that violates our
Community Guidelines
.
Details:
Send Report
Go to the Sporcle.com Mobile Site →
Comments